000 00389nam a2200145Ia 4500
008 210210b2005 xxu||||| |||| 00| 0 eng d
020 _a81 261 0058 3
082 _a576.028 AROM
100 _aARORA (Reeta).
245 _aModern techniques in microbiology.
260 _aNew Delhi
_bAnmol Publications Pvt. Ltd.
_c2005
300 _avii,351
690 _aMicrobiology
906 _a061214
999 _c107865
_d107865